000
00214 a2200097 4500
001
57437
100
_a
245
_a
book of airsports
260
_a
London
_b
B T Batsford Ltd
_c
1978
090
_c
35168
_d
35168
942
_a
NUST-CAE
_c
MONOGRAPH
_c
27967
999
_c
292510
_d
292510